Sociology a brief introduction

Đã lưu trong:
Sonraí Bibleagrafaíochta
Príomhúdar: Schaefer, Richard T.
Údair Eile: 1940- 1950- 1949- 1951- 1963- 1953-, 1950- 1963-
Formáid: Leabhar
Teanga:English
Foilsithe: New York McGraw-Hill 2011
Eagrán:9th ed.
Ábhair:
Clibeanna: Cuir Clib Leis
Gan Chlibeanna, Bí ar an gcéad duine leis an taifead seo a chlibeáil!
Thư viện lưu trữ: Mạng thư viện Đại học Đà Nẵng
LEADER 01240nam a2200361 4500
001 000023993
003 20446
005 20160526160514.0
008 160526s2011 engsd
020 |a 9780073528267 (alk. paper)  |a 0073528269 (alk. paper) 
041 0 |a eng 
082 0 0 |a 301  |b SC-R 
100 1 |a Schaefer, Richard T. 
245 1 0 |a Sociology  |b a brief introduction  |c Richard T. Schaefer 
250 |a 9th ed. 
260 |a New York  |b McGraw-Hill  |c 2011 
300 |a xxxii, 495 p.  |b col. ill., col. maps  |c 28 cm. 
504 |a Includes bibliographical references and index. 
520 |c Provided by publisher.  |c Provided by publisher. 
650 0 |a Sociology 
653 |a Xã hội học 
700 1 |d 1940-  |d 1950-  |d 1949-  |d 1951-  |d 1963-  |d 1953- 
700 1 |d 1950-  |d 1963- 
OWN |a LSP 
AVA |a UDN50  |b LSP  |d 301 SC-R  |e available  |t Error 5001 Not defined in file expand_doc_bib_avail.  |f 1  |g 0  |h N  |i 0  |k 1 
999 |a From the UDN01 
AVA |a UDN50  |b LSP  |d 301 SC-R  |e available  |t Error 5001 Not defined in file expand_doc_bib_avail.  |f 1  |g 0  |h N  |i 0  |k 1 
TYP |a Monograph 
TYP |a Printed language 
980 |a Mạng thư viện Đại học Đà Nẵng